000 00488nam a2200169Ia 4500
003 OSt
005 20200727130453.0
008 190216s9999||||xx |||||||||||||| ||und||
040 _coclc
082 _a514
_bSIM/I
100 _aSimmons, George F
_93787
245 0 _aIntroduction To Topology And Modern Analysis /
_cGeorge F Simmons
260 _bMcgraw -hill,
_aNew Delhi:
300 _a372p
650 _aMathematics
942 _cBK
_2ddc
_h514
_iSIM/T
_k514
_mSIM/T
999 _c30602
_d30602